000 00900cam a2200265 a 4500
001 1741
005 20230926135505.0
020 _a0140317309 (pbk.) :
040 _aDLC
_cDLC
_dDLC
050 1 0 _aPZ7.D1515
_bWi 1985
082 0 0 _a823.914
100 1 _aDahl, Roald.
245 1 4 _aThe witches /
_cRoald Dahl ; illustrations by Quentin Blake.
260 _aNew York :
_bPuffin Books,
_c1985.
300 _a201 pages :
_billustration ;
_c20 cm
505 _aR
520 _aA young boy and his Norwegian grandmother, who is an expert on witches, together foil a witches' plot to destroy the world's children by turning them into mice.
521 _a740
_bLexile
521 _aR
_bRaz-Plus
650 1 _aWitches
_xFiction.
650 1 _aGrandmothers
_xFiction.
700 1 _aBlake, Quentin,
_eillustrator.
906 _a7
_bcbc
_corignew
_d1
_eocip
_f19
_gy-gencatlg
942 _2ddc
_cBK
_n0
999 _c1741
_d1741